Mediterranean Geography by Letter - H - Statistics

General Stats
  • This quiz has been taken 615 times
  • The average score is 4 of 15
Answer Stats
Hint Answer % Correct
Israeli port city that is the third largest city in the country? Haifa
76%
Multi-headed creature of Greek mythology? Hydra
72%
Greek name for Greece? Hellas, officially the Hellenic Republic
64%
Capital of Crete? Heraklion
54%
Italian city devastated by the eruption of Mt. Vesuvius? Herculaneum
36%
Son of Osiris in Egyptian myth? Horus
33%
Southern region of a Balkanic country? Herzegovina
24%
Second most populous city in Palestine? Hebron
22%
Third largest Syrian city that is regarded as the cradle of the current Syrian uprising? Homs
22%
Croatian island with a rich history that is today well known for tourism? Hvar
21%
Greek goddess of magic? Hekate
11%
Carthaginian city that was later home to St. Augustine? Hippo Regius
5%
Greek astronomer considered to be the founder of Trigonometry? Hipparchus
3%
Region of arable land which is claimed by both Egypt and Sudan? Hala'ib Triangle
2%
Another Carthaginian city that is now known as the Tunisian city of Bizerte? Hippo Diarrhytus
1%
No matching quizzes found
Score Distribution
Percent of People with Each Score
Percentile by Number Answered
Your Score History
You have not taken this quiz